000 01505nam a2200229 4500
001 6157
010 _a9789893813478
021 _b562647/26
090 _a6157
100 _a20260629d2026 c||y0pory50030103ba
200 1 _aZeca Café: UM Passeio pelo Jardim
_fMarisa Trigueirão
_gil. Carla Pinto
210 9 _aLisboa
_cFlamingo,
_d2026
215 _a33, [5] p.
_cil.
330 _aNo seguimento da obra Zeca Café - A História de um Buldogue Francês, nasce Zeca Café - Um Passeio pelo Jardim, uma nova aventura cheia de ternura, amizade, descobertas e valores essenciais. Num dos seus passeios diários pelo jardim, Zeca Café corre, salta e diverte-se como só ele sabe fazer. Entre risos e brincadeiras, algo diferente chama a sua atenção: um novo cãozinho, triste e sozinho, observa os outros à distância, desejando apenas fazer parte da brincadeira. Perante esta situação, Zeca terá de fazer uma escolha: seguir de imediato para a diversão ou escutar o seu coração generoso. Será que Zeca também vai ignorar o novo amigo? Ou o seu coração não o deixa ficar indiferente? Vem descobrir esta nova aventura de Zeca Café e aprender que a amizade começa, muitas vezes, com um simples gesto de empatia e inclusão.
606 _914
_aLiteratura infantil
606 _915
_aLiteratura Portuguesa
675 _a82-93 / 821.134.3
_vBN
_zpor
700 _aTrigueirão
_bMarisa
_f1987-
_95823
701 _95824
_aPinto
_bCarla
801 0 _aPT
_bBMVN
_gRPC
830 _cInês Silva
_d29/06/2026
990 _cLIVROS